000 00687nam a2200205 a 4500
001 000022612
005 20200930021709.0
008 101014s2007 ml ac 000 0 spa d
020 _a9781593881177
040 _aDO-SdBNP
_bspa
_cBNPHU
082 _axxx
_bM385m
100 1 _aMartínez Paula, Emilio
_946533
245 1 0 _aMomentos estelares en la historia de Cuba /
_cEmilio Martínez Paula ; prólogo Ferreiro- Mora, Julio.
260 _aMiami :
_bEdiciones Universal,
_c2007.
300 _a434 p. :
_bil., retr. ;
_c24 cm.
490 1 _aCuba y sus jueces
500 _aIncluye datos biográficos del autor en la contraportada
830 0 _aCuba y sus jueces
_920653
049 _aBNPD
999 _c22109
_d22109